Web search garage

Enter your Web Search Garage where you learn how to look, what to use to find magic find it faster with less junk, less hassle even figure out what it means (or doesn't).

Bewaard in:
Bibliografische gegevens
Hoofdauteur: Calishain, Tara
Formaat: Boek
Taal:Undetermined
Gepubliceerd in: New jersey Prentice hall, Inc. 2005
Onderwerpen:
Tags: Voeg label toe
Geen labels, Wees de eerste die dit record labelt!
Thư viện lưu trữ: Trung tâm Học liệu Trường Đại học Cần Thơ
LEADER 00724nam a2200205Ia 4500
001 CTU_95644
008 210402s9999 xx 000 0 und d
020 |c 259000 
082 |a 025.04 
082 |b C154 
100 |a Calishain, Tara 
245 0 |a Web search garage 
245 0 |c Tara Calishain 
260 |a New jersey 
260 |b Prentice hall, Inc. 
260 |c 2005 
520 |a Enter your Web Search Garage where you learn how to look, what to use to find magic find it faster with less junk, less hassle even figure out what it means (or doesn't). 
650 |a Internet searching,Web search engines,Search engines,Web sites 
904 |i Tuyến 
980 |a Trung tâm Học liệu Trường Đại học Cần Thơ